| 000 | 00586nam a22001937a 4500 | ||
|---|---|---|---|
| 999 |
_c75791 _d75791 |
||
| 005 | 20221209161553.0 | ||
| 010 | _aENG-107198 ENG-135816 | ||
| 020 |
_a9788178243474 _c795.00 |
||
| 035 | _aEN-90731 | ||
| 035 | _aEN-119348 | ||
| 037 | _bDBAD/PUB | ||
| 082 | _a327.54058 | ||
| 245 | 0 | 0 |
_aIndia and Central Asia : _cedited by Xinru Liu _ba reader / |
| 260 |
_aRanikhet _bPermanent Black _cc2012 |
||
| 270 |
_aHimalaya, Mall Road, Ranikhet Cantt _bRanikhet _e263645 |
||
| 300 |
_axi,342p. : _c22cm(Hb) _bmaps |
||
| 700 | _aLiu, Xinru | ||
| 942 |
_2ddc _cEN _h327.54058 _mIND |
||